| 000 | 00466nam a22001577a 4500 | ||
|---|---|---|---|
| 005 | 20251113154911.0 | ||
| 008 | 251113b |||||||| |||| 00| 0 eng d | ||
| 020 | _a979-8-88715-409-1 | ||
| 100 | _aSMITH, ISABEL KEN WILL | ||
| 245 | _aFOOD PRODUCTION, HOUSEKEEPING AND LAUNDRY OPERATIONS | ||
| 260 |
_aDUBLIN _bORYSON PRESS _c2024 |
||
| 300 | _aVIII, 312P. | ||
| 500 | _aINCLUDES INDEX | ||
| 650 | _a1. HOSPITALITY INDUSTRY 2. FOOD PRODUCTION | ||
| 942 |
_2lcc _cBK |
||
| 999 |
_c216185 _d216185 |
||